000 00235nam a22000857a 4500
008 170607b xxu||||| |||| 00| 0 eng d
100 _93328
_aKohli. D
245 _aA parcel for the post master
260 _aNew Delhi
_bNational Book Trust
_c2004
999 _c6647
_d6647